000 00916nam a2200265 a 4500
001 42010
003 BD-RjUL
005 20211209053501.0
008 160608s1967 enk b 001 0 eng
035 _aGLIS00506244
_a(BD-RjUL) 42128
040 _aDLC
_cAKR
_dSER
_dRCD
_dBD-RjUL
_beng
041 _aeng
082 _223
_a341.09
_bALI 1967
100 1 _aAlexandrowicz, Charles Henry.
_9129143
245 1 3 _aAn introduction to the history of the law of nations in the East Indies: (16th, 17th and 18th centuries) /
_cby C.H. Alexandrowicz.
260 _aOxford :
_bClarendon P.,
_c1967
300 _aviii, 259 p. ;
_c23 cm.
504 _aBibliography: p. [242]-249.
650 0 _aInternational law
_zIndia
_xHistory.
_9129144
650 0 _aInternational law
_zSoutheast Asia
_xHistory.
_9129145
650 0 _aInternational law
_zIran
_xHistory.
_9129146
942 _2ddc
_cBK
949 _aMYGD
999 _c42010
_d42010